[Event "XV C.to Mondiale seniores"]
[Site "Lignano Sabbiadoro ITA"]
[Date "2005.10.02"]
[Round "5"]
[White "Spassov, Liuben D."]
[Black "Loktiev, Ivan"]
[Result "1-0"]
[WhiteElo "2396"]
[BlackElo "2396"]
[PlyCount "103"]
[EventDate "2005.09.28"]

1. d4 Nf6 2. c4 e6 3. Nc3 d5 4. cxd5 exd5 5. Bg5 Be7 6. e3 Nbd7 7. Bd3 Nf8 8.
Qc2 Ne6 9. Bh4 g6 10. Nf3 Ng7 11. O-O c6 12. Rab1 O-O 13. b4 Bf5 14. Rfc1 Rc8
15. Ne5 Bxd3 16. Nxd3 Nf5 17. Bxf6 Bxf6 18. b5 Re8 19. bxc6 bxc6 20. Qa4 Re7
21. Qa6 Rec7 22. Rb7 Rxb7 23. Qxb7 Rc7 24. Qa6 Bg7 25. Qa5 Rd7 26. Qxd8+ Rxd8
27. Na4 Rc8 28. Nb4 Ne7 29. Kf1 f5 30. g3 Kf7 31. Na6 g5 32. f4 gxf4 33. gxf4
Re8 34. Kf2 Bf6 35. Nb2 Rg8 36. Nd3 Ke6 37. Nac5+ Kf7 38. Rb1 Bh4+ 39. Kf3 Bf6
40. a4 Ng6 41. Rb7+ Ke8 42. Rxa7 Nh4+ 43. Ke2 Rg2+ 44. Nf2 Rxh2 45. a5 Ng6 46.
a6 Nxf4+ 47. exf4 Bxd4 48. Ra8+ Ke7 49. Ncd3 Kd6 50. a7 Bxa7 51. Rxa7 d4 52.
Ra5 1-0

[Event "XV C.to Mondiale seniores"]
[Site "Lignano Sabbiadoro ITA"]
[Date "2005.10.02"]
[Round "5"]
[White "Titz, Herbert"]
[Black "Rotelli, Pietro"]
[Result "1-0"]
[WhiteElo "2079"]
[BlackElo "2001"]
[PlyCount "73"]
[EventDate "2005.09.28"]

1. e4 c6 2. Nc3 d5 3. Nf3 d4 4. Ne2 c5 5. d3 Nc6 6. Nf4 e5 7. Nd5 Be6 8. c4
dxc3 9. Nxc3 Nf6 10. Ng5 Qd7 11. Nxe6 Qxe6 12. Bg5 Be7 13. Bxf6 Bxf6 14. Nd5
Bd8 15. Be2 Ba5+ 16. Kf1 O-O 17. Bg4 Qd6 18. Qa4 Bd2 19. Rd1 Bh6 20. Qb5 Rab8
21. g3 Nd4 22. Qa5 Nc6 23. Qa4 Rfd8 24. Kg2 Ne7 25. Nc3 a6 26. Rhe1 b5 27. Qc2
g6 28. Be2 Kh8 29. Bf1 Rbc8 30. b3 Rc7 31. Kg1 Nc6 32. Qb2 Qd4 33. Qa1 Nb4 34.
Qb2 Rd6 35. a3 Nc6 36. Qc2 Ne7 37. Ne2 1-0

[Event "XV C.to Mondiale seniores"]
[Site "Lignano Sabbiadoro ITA"]
[Date "2005.10.02"]
[Round "5"]
[White "Van den Berg, Adrianus M.J."]
[Black "Bondick, Karl-Heinz"]
[Result "1-0"]
[WhiteElo "2298"]
[BlackElo "2133"]
[PlyCount "99"]
[EventDate "2005.09.28"]

1. Nc3 d5 2. e4 c6 3. Qf3 e5 4. exd5 Nf6 5. Bc4 Bd6 6. d3 h6 7. h3 O-O 8. Bb3
Bb4 9. Bd2 Bxc3 10. Bxc3 cxd5 11. Bxe5 Re8 12. d4 Nc6 13. O-O-O Nxe5 14. dxe5
Rxe5 15. Qc3 Re7 16. Nf3 Be6 17. Rhe1 b5 18. Nd4 Qb6 19. Qc6 Rb8 20. Qxb6 Rxb6
21. f3 a5 22. a4 bxa4 23. Bxa4 Rc7 24. g4 g5 25. Re3 Kg7 26. Rb3 Rxb3 27. Bxb3
Bd7 28. Ne2 Bc6 29. c3 Re7 30. Nd4 Bd7 31. Kd2 Be6 32. Ra1 Ra7 33. Nc6 Ra6 34.
Nxa5 Nd7 35. Bd1 Nc5 36. b4 Nb7 37. Be2 Ra8 38. Nb3 Rc8 39. Ba6 Rc7 40. Bxb7
Rxb7 41. Nc5 Rb8 42. Kd3 Kf6 43. Kd4 h5 44. Ra6 Ke7 45. Ra7+ Kd6 46. Ra6+ Ke7
47. Ke5 f6+ 48. Kd4 Bf7 49. Ra7+ Ke8 50. Nd7 1-0

[Event "XV C.to Mondiale seniores"]
[Site "Lignano Sabbiadoro ITA"]
[Date "2005.10.02"]
[Round "5"]
[White "Vasiukov, Evgeni A."]
[Black "Hecht, Hans-Joachim"]
[Result "1/2-1/2"]
[WhiteElo "2495"]
[BlackElo "2388"]
[PlyCount "101"]
[EventDate "2005.09.28"]

1. e4 e5 2. Nf3 Nc6 3. Bb5 Nf6 4. O-O Bc5 5. c3 O-O 6. d4 Bb6 7. dxe5 Nxe4 8.
Qd5 Nc5 9. Bg5 Ne7 10. Qd1 Ne4 11. Bh4 d5 12. Nbd2 Bf5 13. Nd4 Bg6 14. Nxe4
Bxe4 15. f3 Bg6 16. f4 c6 17. Be2 Be4 18. a4 a5 19. Bf3 Bxf3 20. Qxf3 Qc7 21.
Kh1 Bxd4 22. cxd4 f5 23. b4 axb4 24. Qb3 Ng6 25. Be1 Rf7 26. Bxb4 Nf8 27. Bxf8
Rfxf8 28. Rfc1 Ra5 29. Rab1 Rfa8 30. h3 R8a7 31. Qc2 Qd7 32. Rb4 h5 33. Rcb1
Qf7 34. Kh2 g6 35. R1b2 Qc7 36. Qb3 Kf7 37. Rxb7 Rxb7 38. Qxb7 Qxb7 39. Rxb7+
Ke6 40. Rg7 Rxa4 41. Rxg6+ Kd7 42. Rf6 Rxd4 43. Rxf5 c5 44. Rf7+ Ke8 45. e6 c4
46. f5 c3 47. f6 Re4 48. Re7+ Kf8 49. Rf7+ Ke8 50. Re7+ Kf8 51. Rf7+ 1/2-1/2

[Event "XV C.to Mondiale seniores"]
[Site "Lignano Sabbiadoro ITA"]
[Date "2005.10.02"]
[Round "5"]
[White "Villing, Dieter"]
[Black "Maugg, Ludwig"]
[Result "1/2-1/2"]
[WhiteElo "2259"]
[BlackElo "2125"]
[PlyCount "47"]
[EventDate "2005.09.28"]

1. e4 c5 2. f4 d5 3. exd5 Nf6 4. Bb5+ Nbd7 5. Nc3 a6 6. Bf1 Nb6 7. Nf3 Bg4 8.
h3 Bxf3 9. Qxf3 Nbxd5 10. Bc4 e6 11. O-O Be7 12. g4 Nb4 13. d3 O-O 14. Bb3 Nc6
15. Be3 Na5 16. f5 Nxb3 17. axb3 exf5 18. Qxf5 Qd6 19. Kg2 Rad8 20. Rae1 Nd5
21. Bd2 Nxc3 22. Bxc3 Bh4 23. Re3 h6 24. Qe5 1/2-1/2

[Event "XV C.to Mondiale seniores"]
[Site "Lignano Sabbiadoro ITA"]
[Date "2005.10.02"]
[Round "5"]
[White "Viner, Phillip J."]
[Black "Kaminik, Aleksandar"]
[Result "1-0"]
[WhiteElo "2144"]
[BlackElo "2278"]
[PlyCount "63"]
[EventDate "2005.09.28"]

1. d4 Nf6 2. Nf3 g6 3. c4 Bg7 4. Nc3 O-O 5. Bg5 h6 6. Bh4 d6 7. e3 Nbd7 8. Be2
g5 9. Bg3 Nh5 10. Qc2 Nxg3 11. hxg3 e5 12. O-O-O Re8 13. Bd3 c6 14. Bh7+ Kf8
15. Ne4 Qe7 16. dxe5 dxe5 17. Nd6 Rd8 18. Nf5 Qc5 19. Nxh6 Re8 20. Nxg5 Nb6 21.
Bd3 e4 22. Nxe4 Rxe4 23. Bxe4 Nxc4 24. Rd8+ Ke7 25. Rd4 Bxd4 26. exd4 Qxd4 27.
Rd1 Qc5 28. Ng8+ Kf8 29. Rd8+ Kg7 30. Qc3+ Qe5 31. Qxe5+ Nxe5 32. Ne7 1-0

[Event "XV C.to Mondiale seniores"]
[Site "Lignano Sabbiadoro ITA"]
[Date "2005.10.02"]
[Round "5"]
[White "Wagner, Carl E."]
[Black "Ginsberger, Alexander"]
[Result "0-1"]
[WhiteElo "2189"]
[BlackElo "2276"]
[PlyCount "66"]
[EventDate "2005.09.28"]

1. e4 e6 2. d3 d5 3. Nd2 c5 4. Ngf3 Nc6 5. g3 Bd6 6. Bg2 Nge7 7. O-O O-O 8. c3
h6 9. Nh4 f5 10. f4 Bc7 11. Re1 Rb8 12. exf5 exf5 13. Ndf3 b5 14. Be3 Qd6 15.
Qe2 d4 16. cxd4 cxd4 17. Bf2 Bb6 18. Ne5 Ba5 19. Rec1 Nxe5 20. Qxe5 Qxe5 21.
fxe5 Bb6 22. Nf3 Rd8 23. a4 bxa4 24. Rxa4 Bd7 25. Rxd4 Bxd4 26. Bxd4 Bc6 27.
Bxa7 Rxb2 28. Bc5 Bxf3 29. Bxf3 Rxd3 30. Bh5 g6 31. Bd1 Kf7 32. Bd6 Nd5 33. Ba4
Nc3 0-1

[Event "XV C.to Mondiale seniores"]
[Site "Lignano Sabbiadoro ITA"]
[Date "2005.10.02"]
[Round "5"]
[White "Weinberg, Emanuele"]
[Black "Badiale, Riccardo"]
[Result "1-0"]
[WhiteElo "1927"]
[BlackElo "1729"]
[PlyCount "63"]
[EventDate "2005.09.28"]

1. d4 Nf6 2. c4 g6 3. Nc3 Bg7 4. e4 d6 5. f3 O-O 6. Be3 e5 7. d5 Nh5 8. g4 Nf4
9. Nge2 g5 10. Qd2 a5 11. Nxf4 exf4 12. Bd4 Bxd4 13. Qxd4 Nd7 14. Be2 Ne5 15.
O-O-O b6 16. Qf2 Bd7 17. h4 f6 18. hxg5 fxg5 19. Rh3 a4 20. Rdh1 Rf7 21. Qh2
Qe7 22. Kc2 Rg7 23. Rh6 Qf7 24. Qh3 Re8 25. Bd3 Ra8 26. Ne2 Ra5 27. Nd4 Ra8 28.
Nf5 Bxf5 29. exf5 Nd7 30. Re1 Ne5 31. Rxe5 dxe5 32. f6 1-0

[Event "XV C.to Mondiale seniores"]
[Site "Lignano Sabbiadoro ITA"]
[Date "2005.10.02"]
[Round "5"]
[White "Zelkind, Simeon"]
[Black "Taksrud, Vidar"]
[Result "0-1"]
[WhiteElo "1868"]
[BlackElo "2049"]
[PlyCount "82"]
[EventDate "2005.09.28"]

1. e4 d5 2. exd5 Nf6 3. Bb5+ c6 4. dxc6 bxc6 5. Be2 e5 6. Nc3 Bc5 7. d3 Qb6 8.
Na4 Bxf2+ 9. Kf1 Qa5 10. Kxf2 Qxa4 11. c3 Qxd1 12. Bxd1 Bf5 13. Be2 Nbd7 14.
Nf3 O-O 15. Re1 h6 16. Kg1 c5 17. Be3 Rab8 18. b3 Rfe8 19. Rac1 a5 20. Nd2 a4
21. h3 Nd5 22. Bf2 Nf4 23. Ne4 Bxe4 24. dxe4 axb3 25. axb3 Rxb3 26. Bc4 Rb2 27.
Bf1 Ra8 28. Be3 Raa2 29. Bxf4 exf4 30. e5 Nf8 31. Ra1 g5 32. Rxa2 Rxa2 33. e6
Nxe6 34. Bc4 Rc2 35. Bxe6 fxe6 36. Rxe6 Kg7 37. Rc6 Rxc3 38. Kf2 c4 39. Ke2
Re3+ 40. Kf2 c3 41. Kf1 Rd3 0-1

[Event "XV C.to Mondiale seniores"]
[Site "Lignano Sabbiadoro ITA"]
[Date "2005.10.02"]
[Round "5"]
[White "Zhelesny, Stanislav"]
[Black "Hicker, Harald"]
[Result "1-0"]
[WhiteElo "2277"]
[BlackElo "2171"]
[PlyCount "103"]
[EventDate "2005.09.28"]

1. Nf3 d5 2. d4 Nf6 3. g3 e6 4. Bg2 c5 5. O-O cxd4 6. Nxd4 Nc6 7. c4 Qb6 8.
Nxc6 bxc6 9. Nc3 Be7 10. cxd5 cxd5 11. e4 O-O 12. exd5 exd5 13. Nxd5 Nxd5 14.
Bxd5 Bb7 15. Be3 Qa6 16. Bxb7 Qxb7 17. Qg4 Bf6 18. Rab1 Rfc8 19. b4 Qa6 20.
Rbc1 h5 21. Qxh5 Qxa2 22. Qf5 Re8 23. Rfd1 a6 24. Qd5 Qxd5 25. Rxd5 Be7 26. Bc5
Rec8 27. Ra1 Bxc5 28. bxc5 a5 29. Ra4 Rc6 30. Kf1 Kf8 31. Ke2 Ke7 32. Kd3 Rh6
33. h4 Rf6 34. f4 Rg6 35. Rg5 Rxg5 36. fxg5 Kd7 37. Kc4 Kc6 38. h5 Re8 39. h6
gxh6 40. Rxa5 Re4+ 41. Kd3 Rg4 42. gxh6 Rxg3+ 43. Kd4 Rg4+ 44. Ke5 Rh4 45. Kf5
Kd5 46. Kg5 Rh1 47. Ra4 Ke5 48. Rh4 Rg1+ 49. Rg4 Ra1 50. h7 Ra8 51. Kh6 Ra6+
52. Kh5 1-0

[Event "XV C.to Mondiale seniores"]
[Site "Lignano Sabbiadoro ITA"]
[Date "2005.10.03"]
[Round "6"]
[White "Acunzo, Domenico"]
[Black "Rotelli, Pietro"]
[Result "0-1"]
[WhiteElo "1828"]
[BlackElo "2001"]
[PlyCount "84"]
[EventDate "2005.09.28"]

1. e4 c6 2. d4 d5 3. exd5 cxd5 4. c4 Nf6 5. Nc3 e6 6. Nf3 Nc6 7. c5 Be7 8. Bb5
Bd7 9. Bxc6 Bxc6 10. O-O O-O 11. Bf4 a5 12. a3 a4 13. Ne5 Qc8 14. Re1 Nd7 15.
Qg4 Nxe5 16. Bxe5 f6 17. Bd6 Bxd6 18. cxd6 Re8 19. Re2 Bd7 20. Qg3 Ra6 21. Rae1
Qc6 22. Na2 Qxd6 23. Qf3 Raa8 24. Nb4 Rac8 25. h4 Bc6 26. Qg4 Bd7 27. Qf3 Rf8
28. h5 h6 29. Re3 Rc4 30. Qd1 Qb6 31. Rd3 Rfc8 32. Qd2 Qa7 33. Rg3 Kf8 34. Qf4
e5 35. Qf3 Rxd4 36. Rxe5 Rc1+ 37. Kh2 Rh4+ 38. Rh3 Bxh3 39. gxh3 Qb8 40. Kg3
Re4 41. Nd3 Rxe5 42. Nxe5 Qxe5+ 0-1

[Event "XV C.to Mondiale seniores"]
[Site "Lignano Sabbiadoro ITA"]
[Date "2005.10.03"]
[Round "6"]
[White "Araujo, Mario Augusto Reis Da Silva"]
[Black "Schwertel, Johann"]
[Result "1-0"]
[WhiteElo "1957"]
[BlackElo "2068"]
[PlyCount "121"]
[EventDate "2005.09.28"]

1. Nf3 d5 2. g3 Nf6 3. Bg2 c6 4. c4 e6 5. b3 Be7 6. d4 Ne4 7. O-O O-O 8. Bb2
Nd7 9. Qc2 f5 10. e3 Qe8 11. Nbd2 Ndf6 12. Ne5 Nxd2 13. Qxd2 Ne4 14. Qe2 a5 15.
f3 Nf6 16. a4 Nd7 17. Nd3 Bd6 18. Rfe1 b6 19. e4 fxe4 20. fxe4 dxc4 21. bxc4 e5
22. Rac1 c5 23. d5 Nf6 24. Qc2 Qe7 25. Rb1 Rb8 26. Bc3 Ba6 27. Bd2 h6 28. Nb2
Bc8 29. Nd1 Bg4 30. Ne3 Qd7 31. Rf1 Bc7 32. Rf2 Rf7 33. Rbf1 Rbf8 34. Nf5 Bxf5
35. Rxf5 Nh7 36. Bh3 Rxf5 37. Bxf5 Qe7 38. Qd1 Rf6 39. Qg4 Nf8 40. Qd1 g6 41.
Bh3 Rxf1+ 42. Qxf1 Kg7 43. Qc1 g5 44. Bf5 Bd8 45. Qd1 Nh7 46. Qh5 Nf8 47. Kg2
Qf7 48. Qd1 Qe8 49. Be3 Qf7 50. h3 Ng6 51. Qd2 Qe8 52. Qd1 h5 53. Kh2 h4 54.
Qh5 hxg3+ 55. Kxg3 Qf7 56. Bxg5 Bxg5 57. Qxg5 Qf6 58. Qxg6+ Qxg6+ 59. Bxg6 Kxg6
60. Kf3 b5 61. cxb5 1-0

[Event "XV C.to Mondiale seniores"]
[Site "Lignano Sabbiadoro ITA"]
[Date "2005.10.03"]
[Round "6"]
[White "Arkhangelsky, Boris"]
[Black "Jadrijevic, Ante"]
[Result "1-0"]
[WhiteElo "2384"]
[BlackElo "2174"]
[PlyCount "51"]
[EventDate "2005.09.28"]

1. Nf3 d5 2. d4 Nf6 3. c4 c6 4. e3 e6 5. Nbd2 Nbd7 6. Bd3 Bd6 7. O-O O-O 8. e4
dxe4 9. Nxe4 Nxe4 10. Bxe4 Nf6 11. Bc2 c5 12. Qd3 Be7 13. Bg5 g6 14. Rfd1 cxd4
15. Qe2 Qb6 16. Rxd4 Qxb2 17. Rad1 Qxa2 18. Ne5 Nd5 19. Bxe7 Nxe7 20. Ng4 Nc6
21. R4d2 Qa5 22. Qe3 f6 23. c5 e5 24. Qh6 Nd4 25. Rxd4 exd4 26. Bb3+ 1-0

[Event "XV C.to Mondiale seniores"]
[Site "Lignano Sabbiadoro ITA"]
[Date "2005.10.03"]
[Round "6"]
[White "Barlo, Werner"]
[Black "Bitzer, Dieter"]
[Result "1/2-1/2"]
[WhiteElo "1876"]
[BlackElo "2003"]
[PlyCount "61"]
[EventDate "2005.09.28"]

1. d4 d5 2. Bf4 Nf6 3. Nf3 e6 4. e3 Bd6 5. Bg5 Nbd7 6. Bd3 c5 7. c3 c4 8. Be2
h6 9. Bh4 Qc7 10. Bg3 Ne4 11. Bxd6 Nxd6 12. Nbd2 O-O 13. Qc2 f5 14. O-O Nf7 15.
Nh4 Nh8 16. f4 Nf6 17. h3 Qe7 18. Nhf3 Ng6 19. Ne5 Nxe5 20. dxe5 Ne4 21. Nxe4
fxe4 22. Bg4 g6 23. Qf2 Bd7 24. Qg3 Qg7 25. h4 h5 26. Bh3 Kh8 27. Rf2 Rf7 28.
Raf1 Raf8 29. Qg5 Kh7 30. Kh2 Qh6 31. a3 1/2-1/2

[Event "XV C.to Mondiale seniores"]
[Site "Lignano Sabbiadoro ITA"]
[Date "2005.10.03"]
[Round "6"]
[White "Belokopyt, Boris"]
[Black "Rosino, Antonio"]
[Result "0-1"]
[WhiteElo "2111"]
[BlackElo "2285"]
[PlyCount "94"]
[EventDate "2005.09.28"]

1. d4 Nf6 2. Nf3 g6 3. Bg5 Bg7 4. Nbd2 d5 5. c3 Nbd7 6. g3 c5 7. Bg2 O-O 8. h3
b6 9. O-O Bb7 10. Re1 Re8 11. Ne5 cxd4 12. cxd4 Nxe5 13. dxe5 Nd7 14. f4 f6 15.
exf6 exf6 16. Bh4 g5 17. Nf3 gxh4 18. Nxh4 Nc5 19. b4 Ne4 20. Qb3 Qd7 21. Rad1
Rac8 22. Rd3 f5 23. Red1 Rc3 24. Rxc3 Nxc3 25. Rd3 Nxe2+ 26. Kh2 Nc1 27. Bxd5+
Kh8 28. Bxb7 Qxd3 29. Qf7 Qe2+ 30. Bg2 Qe6 31. Qh5 Rf8 32. a4 Ne2 33. Bd5 Qe8
34. Qg5 Nd4 35. g4 Bf6 36. Qh6 Bxh4 37. Qxh4 Qe2+ 38. Kg1 Nf3+ 39. Bxf3 Qxf3
40. Qh6 Qe3+ 41. Kg2 Qe4+ 42. Kg3 Qe7 43. g5 Rc8 44. Kh4 Qe1+ 45. Kh5 Qe2+ 46.
Kh4 Qf2+ 47. Kh5 Qf3+ 0-1

[Event "XV C.to Mondiale seniores"]
[Site "Lignano Sabbiadoro ITA"]
[Date "2005.10.03"]
[Round "6"]
[White "Bondick, Karl-Heinz"]
[Black "Pagnutti, Lorenzo"]
[Result "1/2-1/2"]
[WhiteElo "2133"]
[BlackElo "2014"]
[PlyCount "80"]
[EventDate "2005.09.28"]

1. d4 Nf6 2. f3 d5 3. e4 dxe4 4. Nc3 e3 5. f4 Ng4 6. Nh3 Nf2 7. Nxf2 exf2+ 8.
Kxf2 e6 9. Be3 Nc6 10. Bb5 Bd7 11. Re1 Qh4+ 12. Kg1 O-O-O 13. a3 f5 14. b4 Bd6
15. Qf3 Rhe8 16. Bf1 Qf6 17. Ne2 h6 18. c4 g5 19. c5 Bxf4 20. Bxf4 gxf4 21.
Qxf4 e5 22. dxe5 Nxe5 23. Nd4 Ng6 24. Qf2 f4 25. Rac1 Ne5 26. h3 Bxh3 27. Rxe5
Rxe5 28. Nf3 Bg4 29. Nxe5 Qxe5 30. Rc4 Rf8 31. g3 h5 32. Rxf4 Rxf4 33. gxf4 Qf6
34. Qe3 c6 35. Bg2 Kd7 36. b5 cxb5 37. Bxb7 Kc7 38. Bd5 a5 39. Kg2 b4 40. axb4
axb4 1/2-1/2

[Event "XV C.to Mondiale seniores"]
[Site "Lignano Sabbiadoro ITA"]
[Date "2005.10.03"]
[Round "6"]
[White "Cavatorta, Fosco"]
[Black "Siegmund, Rainer"]
[Result "0-1"]
[WhiteElo "1985"]
[BlackElo "2128"]
[PlyCount "102"]
[EventDate "2005.09.28"]

1. e4 c5 2. Nf3 Nc6 3. d4 cxd4 4. Nxd4 Nf6 5. Nc3 e5 6. Ndb5 d6 7. Bg5 a6 8.
Na3 b5 9. Bxf6 gxf6 10. Nd5 Bg7 11. Bd3 Be6 12. Nxb5 axb5 13. Bxb5 Rc8 14. a4
O-O 15. Bxc6 Rxc6 16. b4 Rc4 17. c3 Rxe4+ 18. Kf1 Rc4 19. Rc1 Bxd5 20. Qxd5 Qc7
21. Qd3 Rxb4 22. Ke2 Rxa4 23. Rc2 Qc4 24. Rb1 Rc8 25. f3 d5 26. Rcb2 e4 27.
fxe4 dxe4 28. Qxc4 Raxc4 29. Rb4 f5 30. Rf1 R4c5 31. c4 Rxc4 32. Rxc4 Rxc4 33.
Rxf5 Rc2+ 34. Ke3 Rxg2 35. Rh5 Bf6 36. Kxe4 Kg7 37. Kf3 Ra2 38. h3 Ra3+ 39. Kg2
Re3 40. Rb5 Kg6 41. Ra5 Be5 42. Kf2 Bf4 43. Ra4 Kg5 44. h4+ Kg4 45. Ra7 Rf3+
46. Ke2 Bg3 47. Ra8 Rf2+ 48. Ke3 Kxh4 49. Rh8 h5 50. Rg8 Rf6 51. Ke2 Kh3 0-1

[Event "XV C.to Mondiale seniores"]
[Site "Lignano Sabbiadoro ITA"]
[Date "2005.10.03"]
[Round "6"]
[White "Chernikov, Oleg L."]
[Black "Vasiukov, Evgeni A."]
[Result "1/2-1/2"]
[WhiteElo "2410"]
[BlackElo "2495"]
[PlyCount "23"]
[EventDate "2005.09.28"]

1. d4 Nf6 2. c4 d6 3. Nc3 e5 4. d5 Bf5 5. f3 e4 6. g4 Nxg4 7. fxg4 Qh4+ 8. Kd2
e3+ 9. Kxe3 Qg5+ 10. Kf2 Qh4+ 11. Ke3 Qg5+ 12. Kf2 1/2-1/2

[Event "XV C.to Mondiale seniores"]
[Site "Lignano Sabbiadoro ITA"]
[Date "2005.10.03"]
[Round "6"]
[White "Cleal, John"]
[Black "Belloni, Umberto"]
[Result "0-1"]
[WhiteElo "2035"]
[BlackElo "1910"]
[PlyCount "78"]
[EventDate "2005.09.28"]

1. e4 e6 2. f4 d5 3. e5 c5 4. b4 Qb6 5. a3 cxb4 6. d4 Bd7 7. Nf3 Bb5 8. axb4
Bxb4+ 9. c3 Bf8 10. Qb3 Ba6 11. Qa4+ Kd8 12. Ba3 Bxa3 13. Qxa3 Ke8 14. Qa4+ Kf8
15. Nbd2 Bxf1 16. Rxf1 Nc6 17. Kf2 Nge7 18. Rfb1 Qc7 19. Qd1 g6 20. g4 Qd7 21.
Nb3 b6 22. Nbd2 Kg7 23. Qg1 Na5 24. Nh4 Rhc8 25. Rc1 Nc4 26. Ndf3 Nb2 27. Rc2
Nd3+ 28. Ke3 Nb4 29. Rcc1 Nbc6 30. Qe1 Na5 31. Nd2 Nc4+ 32. Kf3 Rc7 33. Nxc4
dxc4 34. Ng2 Qd5+ 35. Kf2 b5 36. Kg1 b4 37. cxb4 Qxd4+ 38. Kf1 c3 39. Qh4 Ng8
0-1

[Event "XV C.to Mondiale seniores"]
[Site "Lignano Sabbiadoro ITA"]
[Date "2005.10.03"]
[Round "6"]
[White "Filzmaier, Bruno"]
[Black "Gardi, Giuseppe"]
[Result "0-1"]
[WhiteElo "1970"]
[BlackElo "2099"]
[PlyCount "68"]
[EventDate "2005.09.28"]

1. a3 g6 2. Nf3 Bg7 3. d4 d6 4. e3 Nd7 5. c4 e5 6. d5 a5 7. Nc3 f5 8. g3 Nc5 9.
b3 Nf6 10. Bb2 O-O 11. b4 axb4 12. axb4 Rxa1 13. Bxa1 Nce4 14. Bg2 Nxf2 15.
Kxf2 Ng4+ 16. Ke2 Bh6 17. Qb3 Nxe3 18. Ne1 f4 19. Bf3 g5 20. gxf4 exf4 21. Ne4
g4 22. Qc3 gxf3+ 23. Nxf3 Kf7 24. Nfg5+ Ke8 25. Nf6+ Rxf6 26. Qxf6 Bg4+ 27. Nf3
Qxf6 28. Bxf6 Nxc4 29. Rg1 Bh5 30. Rg8+ Kf7 31. Rc8 Kxf6 32. Rxc7 Ne5 33. Rxh7
Bxf3+ 34. Kf2 Bg7 0-1

[Event "XV C.to Mondiale seniores"]
[Site "Lignano Sabbiadoro ITA"]
[Date "2005.10.03"]
[Round "6"]
[White "Gennari, Giuseppe"]
[Black "Dinser, Hans"]
[Result "1/2-1/2"]
[WhiteElo "1619"]
[BlackElo "1997"]
[PlyCount "66"]
[EventDate "2005.09.28"]

1. e4 c5 2. Nf3 Nc6 3. d4 cxd4 4. Nxd4 Nf6 5. Nc3 e5 6. Nf5 d6 7. Ng3 a6 8. Be2
Be6 9. O-O Nd4 10. Be3 Nxe2+ 11. Qxe2 Be7 12. Rad1 b5 13. a3 Bc4 14. Qd2 Bxf1
15. Kxf1 Ng4 16. Nd5 Nxe3+ 17. Qxe3 g6 18. Qd3 Rc8 19. c3 Bg5 20. Ne2 O-O 21.
g3 Re8 22. h4 Bh6 23. Kg2 Bf8 24. Rh1 h5 25. g4 Re6 26. gxh5 gxh5 27. Ng3 Be7
28. Nf5 Rg6+ 29. Kf1 Bf8 30. Qf3 Rc4 31. b3 Rc5 32. Qxh5 Rxd5 33. exd5 Qc8
1/2-1/2

[Event "XV C.to Mondiale seniores"]
[Site "Lignano Sabbiadoro ITA"]
[Date "2005.10.03"]
[Round "6"]
[White "Gerenski, Hristo"]
[Black "Asmundsson, Ingvar"]
[Result "1/2-1/2"]
[WhiteElo "2192"]
[BlackElo "2299"]
[PlyCount "171"]
[EventDate "2005.09.28"]

1. d4 f5 2. c4 g6 3. g3 Bg7 4. Bg2 Nf6 5. Nf3 d6 6. O-O c6 7. Nbd2 O-O 8. Rb1
a5 9. b3 Na6 10. a3 Bd7 11. Qc2 Qe8 12. Bb2 h6 13. Bc3 Nc7 14. Rbe1 Qf7 15. h3
Rfe8 16. Nh2 e5 17. dxe5 dxe5 18. e4 f4 19. Nhf3 Nh7 20. a4 g5 21. g4 h5 22.
Nh2 c5 23. Qd1 Ne6 24. Ndf3 Nd4 25. gxh5 Qxh5 26. Nxd4 Qxd1 27. Rxd1 exd4 28.
Bd2 Nf6 29. Rfe1 Bc6 30. e5 Nd7 31. Nf3 Nxe5 32. Nxg5 f3 33. Bf1 Bh6 34. Ne4
Bxd2 35. Rxd2 Nd7 36. Bd3 Kh8 37. Rdd1 b6 38. Ng3 Nf6 39. Bf5 Kg7 40. Kf1 Kf7
41. Rxe8 Rxe8 42. Re1 Rxe1+ 43. Kxe1 Nd7 44. Bxd7 Bxd7 45. h4 Kf6 46. Kd2 Be8
47. h5 Kg5 48. Ne4+ Kh6 49. Nf6 Bc6 50. Nd5 Kxh5 51. Nxb6 Kg4 52. Ke1 Kf5 53.
Nc8 Ke6 54. Na7 Be4 55. Kd2 Kf5 56. Nb5 Kg4 57. Nc7 Kh3 58. Ne6 Kg2 59. Nxc5
Bf5 60. Ke1 d3 61. b4 d2+ 62. Kxd2 Kxf2 63. b5 Kg2 64. b6 f2 65. b7 f1=Q 66.
b8=Q Qf2+ 67. Kc3 Qxc5 68. Qf4 Kh3 69. Qf1+ Kg4 70. Qd1+ Kg5 71. Qd8+ Kg6 72.
Qg8+ Kf6 73. Qd8+ Kg6 74. Qg8+ Kh6 75. Qh8+ Bh7 76. Qf6+ Bg6 77. Qf4+ Kh7 78.
Qh4+ Kg8 79. Qd8+ Kh7 80. Qh4+ Bh5 81. Qe4+ Kh6 82. Qf4+ Kg6 83. Qe4+ Kg7 84.
Qd4+ Qxd4+ 85. Kxd4 Be8 86. Kc5 1/2-1/2

[Event "XV C.to Mondiale seniores"]
[Site "Lignano Sabbiadoro ITA"]
[Date "2005.10.03"]
[Round "6"]
[White "Gestrich, Wolfgang"]
[Black "Samarian, Cornel"]
[Result "1/2-1/2"]
[WhiteElo "1767"]
[BlackElo "1673"]
[PlyCount "27"]
[EventDate "2005.09.28"]

1. c4 g6 2. Nc3 d6 3. g3 Bg7 4. Bg2 Nd7 5. d3 e6 6. e4 Ne7 7. Nge2 O-O 8. O-O
Rb8 9. Be3 b6 10. a3 Bb7 11. Rb1 e5 12. Qc2 c5 13. Nb5 Nf6 14. Nxa7 1/2-1/2

[Event "XV C.to Mondiale seniores"]
[Site "Lignano Sabbiadoro ITA"]
[Date "2005.10.03"]
[Round "6"]
[White "Giani, Franco"]
[Black "Weinberg, Emanuele"]
[Result "0-1"]
[WhiteElo "2083"]
[BlackElo "1927"]
[PlyCount "66"]
[EventDate "2005.09.28"]

1. c4 e6 2. g3 Nf6 3. Bg2 d5 4. cxd5 exd5 5. d3 Be7 6. Nf3 O-O 7. O-O c6 8. Bf4
Bg4 9. h3 Bh5 10. Nbd2 Nbd7 11. Nb3 Nc5 12. Rc1 Ne6 13. Bd2 Bd6 14. Bc3 c5 15.
Bd2 Qd7 16. Nh4 Rac8 17. Qe1 Be5 18. Rb1 Qa4 19. f4 Bd6 20. Nf5 Rfd8 21. Nxd6
Rxd6 22. f5 Qxa2 23. Na1 Nd4 24. g4 Nxg4 25. hxg4 Bxg4 26. f6 Nxe2+ 27. Kh2 Qa6
28. Bf3 Bxf3 29. Rxf3 Nd4 30. Rg3 Rxf6 31. Qh1 Rf2+ 32. Kg1 Rxd2 33. Rf1 Ne2+
0-1

[Event "XV C.to Mondiale seniores"]
[Site "Lignano Sabbiadoro ITA"]
[Date "2005.10.03"]
[Round "6"]
[White "Ginsberger, Alexander"]
[Black "Karasev, Vladimir I."]
[Result "0-1"]
[WhiteElo "2276"]
[BlackElo "2390"]
[PlyCount "86"]
[EventDate "2005.09.28"]

1. e4 c5 2. Nf3 e6 3. Nc3 a6 4. g3 Nc6 5. Bg2 e5 6. d3 d6 7. O-O g6 8. Ne1 Bg7
9. Nd5 Nce7 10. c3 Nxd5 11. exd5 Ne7 12. Bd2 O-O 13. Rb1 Bf5 14. b3 Qd7 15. Rb2
b5 16. Qe2 a5 17. Bg5 h6 18. Bxe7 Qxe7 19. b4 axb4 20. cxb4 Rab8 21. Nc2 Bxd3
22. Qxd3 e4 23. Bxe4 c4 24. Qf3 Bxb2 25. Re1 Rfe8 26. Kg2 Qf6 27. Qd1 Re7 28.
Re3 Rbe8 29. Bf3 h5 30. h4 Rxe3 31. fxe3 Qf5 32. e4 Rxe4 33. Bxe4 Qxe4+ 34. Kf2
Be5 35. a4 Qd3 36. Qxd3 cxd3 37. Na3 bxa4 38. Ke3 Bb2 39. Nc4 a3 40. Na5 a2 41.
Nb3 a1=Q 42. Nxa1 Bxa1 43. Kxd3 Kf8 0-1

[Event "XV C.to Mondiale seniores"]
[Site "Lignano Sabbiadoro ITA"]
[Date "2005.10.03"]
[Round "6"]
[White "Guaglianone, Mario"]
[Black "Olsen, Willy L."]
[Result "1/2-1/2"]
[WhiteElo "2155"]
[BlackElo "2036"]
[PlyCount "88"]
[EventDate "2005.09.28"]

1. Nf3 Nf6 2. g3 g6 3. Bg2 Bg7 4. O-O O-O 5. c4 c5 6. Nc3 Nc6 7. d3 d6 8. Bd2
e6 9. Qc1 a6 10. Bh6 Bxh6 11. Qxh6 Ng4 12. Qd2 Kg7 13. h3 Nf6 14. d4 cxd4 15.
Nxd4 Qc7 16. Rfd1 Rd8 17. Rac1 Nxd4 18. Qxd4 e5 19. Qd3 Be6 20. b3 Rac8 21. g4
h6 22. e3 g5 23. Ne4 Nxe4 24. Qxe4 Qc6 25. Qb1 Qc7 26. Bd5 Bxd5 27. Rxd5 b5 28.
Qe4 bxc4 29. Rxc4 Qb6 30. Kg2 Rxc4 31. Qxc4 Rd7 32. Qd3 Qc6 33. Kg3 Kf8 34. h4
Ke7 35. hxg5 hxg5 36. f4 gxf4+ 37. exf4 exf4+ 38. Kxf4 Qc1+ 39. Qe3+ Qxe3+ 40.
Kxe3 Rc7 41. Ra5 Rc6 42. Kd4 Ke6 43. b4 Rb6 44. a3 Rc6 1/2-1/2